The Science ofSelf Discipline (Record no. 369825)

MARC details
000 -LEADER
fixed length control field 00444nam a2200169 4500
005 - DATE AND TIME OF LATEST TRANSACTION
control field 20260109143533.0
008 - FIXED-LENGTH DATA ELEMENTS--GENERAL INFORMATION
fixed length control field 260109b |||||||| |||| 00| 0 eng d
020 ## - INTERNATIONAL STANDARD BOOK NUMBER
International Standard Book Number 978-81-8328-574-2
041 ## - LANGUAGE CODE
Language code of text/sound track or separate title English
082 ## - DEWEY DECIMAL CLASSIFICATION NUMBER
Classification number X 158.1 HOL
Item number B12154
100 ## - MAIN ENTRY--PERSONAL NAME
Author Hollins, Peter
245 ## - TITLE STATEMENT
Title The Science ofSelf Discipline
260 ## - PUBLICATION, DISTRIBUTION, ETC.
Place of publication, distribution, etc. New Delhi
Name of publisher, distributor, etc. Wisdom Tree
Date of publication, distribution, etc. 2024
300 ## - PHYSICAL DESCRIPTION
Extent xi,172p.
Other physical details pb
365 ## - TRADE PRICE
Price type code Rupaye
Price amount 316
Currency code INR
942 ## - ADDED ENTRY ELEMENTS (KOHA)
Koha item type Books
Holdings
Withdrawn status Lost status Source of classification or shelving scheme Damaged status Not for loan Collection code Home library Current library Date acquired Vendor Net Price Bill number Total Checkouts Total Renewals Full call number Barcode Date last seen Date last checked out Discount Actual Price Bill Date Koha item type Original Barcode
    Dewey Decimal Classification     Non-fiction Smt. Bakul Tambat Institute of Nursing Education Smt. Bakul Tambat Institute of Nursing Education 30/12/2025 Amazon(online) 171-7413001-8234748 300.20 HYD8-7008103 3 1 X 158.1 HOL B12154 BTIN-BK-12154 30/03/2026 13/03/2026 15.80 316.00 04/12/2025 Books BTIN-BK-12154